| 000 | 00739nam a2200193 i 4500 | ||
|---|---|---|---|
| 001 | 39386 | ||
| 003 | ES-MaACL | ||
| 005 | 20240203062543.0 | ||
| 007 | t| | ||
| 008 | 030303s1873 sp ||||1| spa d | ||
| 080 | _a37.057(460)"18" | ||
| 100 | 1 |
_aCalleja y Sánchez, Julián, _d1837-1913 _933734 |
|
| 245 | 1 | 0 |
_aBases que deban tenerse presentes para reformar la instrucción pública en nuestro país : _bdiscurso leído en la inauguración del curso de 1873 a 74 en la Universidad Central / _cJulián Calleja y Sánchez. |
| 260 |
_aMadrid : _b[s.n.], _c1873. |
||
| 650 | 4 |
_aEnseñanza pública- _zEspaña. _912311 |
|
| 710 | 2 |
_aUniversidad Central (Madrid) _97084 |
|
| 852 | 4 |
_aES-MaACL _jT-153-F-11 |
|
| 999 |
_c39386 _d39386 |
||